| 000 -ლიდერი |
| ფიქსირებული სიგრძის საკონტროლო ველი |
01736nam a22002777a 4500 |
| 003 - საკონტროლო ნომრის იდენტიფიკატორი |
| საკონტროლო ველი |
Ge_BSU |
| 005 - ბოლო ოპერაციის თარიღი და დრო |
| საკონტროლო ველი |
20240717160130.0 |
| 008 - ფიქსირებული სიგრძის მონაცემთა ელემენტები - ზოგადი ინფორმაცია |
| ფიქსირებული სიგრძის საკონტროლო ველი |
240717s2021 ge ||||| |||| 00| 0 geo d |
| 020 ## - წიგნის საერთაშორისო სტანდარტული ნომერი |
| International Standard Book Number |
9789941328466 |
| 041 ## - ენის კოდი |
| Language code of text/sound track or separate title |
geo |
| 080 ## - უნივერსალური ათობითი კლასიფიკაციის ინდექსი |
| Universal Decimal Classification number |
329.18(430)(084.12)+94(430)+929(430)(084.12)კ-41 |
| 100 ## - მთავარი ჩანაწერი - პიროვნების სახელი |
| Personal name |
კერიგანი, მაიკლ |
| Relator term |
ავტორი. |
| 9 (RLIN) |
22861 |
| 245 ## - ცნობა სათაურის შესახებ |
| Title |
ჰიტლერი : ადამიანი ურჩხულს მიღმა / |
| Statement of responsibility, etc |
მაიკლ კერიგანი ; ინგლ. თარგმ. ლევან ინასარიძემ ; სარედ. ჯგუფი: ლადო იოსებაძე, სალომე საბანაძე, მარინე ინანიშვილი [და სხვა]. |
| 264 ## - წარმოების, გამოცემის, დისტრიბუციის და სხვა ცნობები |
| გამოცემის, წარმოების, დისტრიბუციის... ადგილი |
თბილისი : |
| გამოცემის, წარმოების, დისტრიბუციის... სახელწოდება |
პალიტრა L, |
| გამოცემის, წარმოების, დისტრიბუციის... თარიღი |
2021. |
| 300 ## - ფიზიკური აღწერა |
| Extent |
224 გვ. : |
| Other physical details |
ფოტ. ; |
| Dimensions |
25 სმ. |
| 501 ## - შენიშვნა თანმხლებ მასალაზე |
| With note |
საძიებელი: გვ. 219-224. |
| 504 ## - BIBLIOGRAPHY, ETC. NOTE |
| Bibliography, etc |
ბიბლიოგრაფია: გვ. 219. |
| 653 ## - INDEX TERM--UNCONTROLLED |
| Uncontrolled term |
ჰიტლერი, ადოლფ, 1889-1945 -- ფოტოალბომები. |
| 653 ## - INDEX TERM--UNCONTROLLED |
| Uncontrolled term |
ფაშიზმი -- ფოტოალბომები. |
| 653 ## - INDEX TERM--UNCONTROLLED |
| Uncontrolled term |
გერმანიის ისტორია -- ფოტოალბომები |
| 653 ## - INDEX TERM--UNCONTROLLED |
| Uncontrolled term |
პოლიტიკური პარტიები და მოძრაობები |
| 653 ## - INDEX TERM--UNCONTROLLED |
| Uncontrolled term |
ისტორია |
| 700 ## - ADDED ENTRY--PERSONAL NAME |
| Personal name |
ინასარიძე, ლევან |
| Relator term |
მთარგმნელი |
| 9 (RLIN) |
22862 |
| 700 ## - ADDED ENTRY--PERSONAL NAME |
| Personal name |
იოსებაძე, ლადო |
| Relator term |
სარედაქციო ჯგუფი და სხვ |
| 9 (RLIN) |
17896 |
| 942 ## - ADDED ENTRY ELEMENTS (KOHA) |
| Source of classification or shelving scheme |
|
| Koha item type |
წიგნი |